| 000 | 01140nam a2200349Ia 4500 | ||
|---|---|---|---|
| 001 | Z_1967 | ||
| 003 | CHAP | ||
| 008 | 220113s1997 xx 000 0 und d | ||
| 010 | _a165040 | ||
| 040 | _cCHAP | ||
| 090 | _aTesis A 1198 | ||
| 100 |
_aAndrade Pacheco, David _95661 |
||
| 245 |
_aDeterminación de la composición química de alfalfa y maíz ensilado en el Valle de México / _cpor David Andrade Pacheco y Miguel Angel Contreras Rodríguez |
||
| 260 |
_aChapingo, Méx. : _bEl autor, _c1997 |
||
| 300 | _a86 h. | ||
| 440 | _a | ||
| 502 | _aTesis (Ing. Agr. Esp. en Zootecnia) -- UACH. Departamento de Zootecnia | ||
| 503 | _a | ||
| 650 |
_aAlfalfa como forraje _93899 |
||
| 650 |
_aAlfalfa _xAnálisis _93848 |
||
| 650 |
_aAlfalfa _xValor nutritivo _93892 |
||
| 650 |
_aEnsilaje I. UACH. Departamento de Zootecnia II. t. III. Contreras Rodríguez, Miguel Angel _9139057 |
||
| 650 |
_aMaíz como forraje _971109 |
||
| 650 |
_aMaíz _xAnálisis _970861 |
||
| 650 |
_aMaíz _xValor nutritivo _971080 |
||
| 901 | _aTesis A 1198 | ||
| 902 | _aA | ||
| 910 | _a1997 | ||
| 942 | _c2 | ||
| 942 | _c2 | ||
| 999 |
_c165040 _d165040 |
||